[Event "Golubev Cup"]
[Site "Chess.com INT"]
[Date "2018.11.10"]
[Round "10"]
[White "Bugaevsky, Sergey"]
[Black "Kepeshchuk, Mykhaylo"]
[Result "0-1"]
[WhiteElo "2210"]
[BlackElo "2269"]
[PlyCount "54"]
[EventDate "2018.11.10"]
[EventType "swiss (blitz)"]
[EventRounds "10"]
[EventCountry "USA"]
[SourceTitle "CBM 187 Extra"]
[Source "ChessBase"]
[SourceDate "2018.11.04"]
[SourceVersion "1"]
[SourceVersionDate "2018.11.04"]
[SourceQuality "1"]

1. c3 Nf6 2. d3 b6 3. Nd2 Bb7 4. Ngf3 c5 5. h3 g6 6. g4 Bg7 7. Bg2 d6 8. Nf1 h5 9. g5 Nfd7 10. h4 0-0 11. Ng3 b5 12. Bd2 a5 13. 0-0 b4 14. Qc2 Qb6 15. c4 a4 16. Rae1 b3 17. Qb1 bxa2 18. Qxa2 Qxb2 19. Qxb2 Bxb2 20. Rb1 a3 21. Bc1 a2 22. Bxb2 axb1Q 23. Rxb1 Bc6 24. Nd2 Bxg2 25. Kxg2 Nc6 26. Kg1 Rfb8 27. Kg2 Ra2 0-1

[Event "Golubev Cup"]
[Site "Chess.com INT"]
[Date "2018.11.10"]
[Round "2"]
[White "Bugaevsky, Sergey"]
[Black "Okhotnik, Vladimir"]
[Result "0-1"]
[WhiteElo "2210"]
[BlackElo "2351"]
[PlyCount "148"]
[EventDate "2018.11.10"]
[EventType "swiss (blitz)"]
[EventRounds "10"]
[EventCountry "USA"]
[SourceTitle "CBM 187 Extra"]
[Source "ChessBase"]
[SourceDate "2018.11.04"]
[SourceVersion "1"]
[SourceVersionDate "2018.11.04"]
[SourceQuality "1"]

1. d4 g6 2. Nc3 d5 3. Bf4 c6 4. Qd2 Qa5 5. Nf3 Bg7 6. h3 Nd7 7. a3 b5 8. e3 Ngf6 9. Bd3 0-0 10. 0-0 Qd8 11. Ne5 Nxe5 12. Bxe5 Be6 13. a4 a6 14. b3 Qd7 15. Ne2 Bf5 16. Bxf5 Qxf5 17. Ng3 Qe6 18. Ra2 Bh6 19. Bxf6 exf6 20. Rfa1 Rac8 21. axb5 axb5 22. Ra6 Rc7 23. Ne2 f5 24. Nc1 Rfc8 25. Nd3 Bg7 26. Qc3 g5 27. Ra8 f4 28. Rxc8+ Rxc8 29. Nc5 Qf5 30. Re1 g4 31. hxg4 Qxg4 32. e4 f3 33. Qxf3 Qxf3 34. gxf3 Bxd4 35. Nd3 dxe4 36. fxe4 c5 37. Kg2 c4 38. bxc4 Rxc4 39. Re2 Bc3 40. Nf4 b4 41. Nd5 Kf8 42. Nxc3 Rxc3 43. f3 Ke7 44. Kg3 Ke6 45. Rd2 f6 46. Kf4 h5 47. Rh2 h4 48. Kg4 Ke5 49. Kxh4 Rxf3 50. Re2 Rf4+ 51. Kg3 Rxe4 52. Rd2 f5 53. Kf3 Rc4 54. Re2+ Kf6 55. Rd2 Kg5 56. Rg2+ Rg4 57. Rd2 Rh4 58. Kg3 Rc4 59. Kf3 Rc3+ 60. Kg2 f4 61. Kf2 Kg4 62. Kg2 Re3 63. Kf2 Re4 64. Kg2 f3+ 65. Kf2 Kf4 66. Kf1 Ke3 67. Rd3+ Kf4 68. Rb3 Rc4 69. Ke1 Kg3 70. Kd1 Kg2 71. Kd2 f2 72. Rb1 f1Q 73. Rxf1 Kxf1 74. Kd3 Rh4 0-1

[Event "Golubev Cup"]
[Site "Chess.com INT"]
[Date "2018.11.10"]
[Round "7"]
[White "Usanov, Maxim"]
[Black "Bugaevsky, Sergey"]
[Result "1-0"]
[WhiteElo "2093"]
[BlackElo "2210"]
[PlyCount "65"]
[EventDate "2018.11.10"]
[EventType "swiss (blitz)"]
[EventRounds "10"]
[EventCountry "USA"]
[SourceTitle "CBM 187 Extra"]
[Source "ChessBase"]
[SourceDate "2018.11.04"]
[SourceVersion "1"]
[SourceVersionDate "2018.11.04"]
[SourceQuality "1"]

1. c4 e5 2. Nc3 Nc6 3. Nf3 Nf6 4. e3 Bb4 5. Nd5 Bc5 6. d4 exd4 7. exd4 Be7 8. Bd3 0-0 9. 0-0 Nxd5 10. cxd5 Nb4 11. Bc4 b5 12. Bxb5 Nxd5 13. Bd3 Rb8 14. Ne5 Bb7 15. Qh5 Nf6 16. Qh3 d6 17. Ng4 g6 18. Nh6+ Kh8 19. Bg5 Nd5 20. f4 Bf6 21. Kh1 Nb4 22. Bc4 Bd5 23. b3 c6 24. Qh4 Bxg5 25. fxg5 Bxc4 26. bxc4 Nc2 27. Nxf7+ Rxf7 28. Rxf7 Qg8 29. Raf1 Ne3 30. Qf4 Nf5 31. Rxf5 gxf5 32. Qxd6 Qxc4 33. Qxb8+ 1-0